Detalles MARC
| 000 -LIDER |
| fixed length control field |
00872cmm a22003617a 4500 |
| 001 - NÚMERO DE CONTROL |
| Identificador de número de control |
12510 |
| 003 - IDENTIFICACDOR DE NÚMERO DE CONTROL |
| control field |
DO-SdBNP |
| 005 - DATE AND TIME OF LATEST TRANSACTION |
| control field |
20180226104919.0 |
| 007 - CAMPOS FIJOS DE DESCRIPCIÓN FÍSICA |
| fixed length control field |
12510 |
| 008 - ELEMENTOS DE LONGITUD FIJA |
| fixed length control field |
010822s 1994 cau bq m eng d |
| 010 ## - NUMERO DE CONTROL DE BIBLIOTECA DEL CONGRESO |
| LC control number |
2001561839 |
| 017 ## - NÚMERO DE REGISTRO DE DERECHOS DE AUTOR |
| Copyright or legal deposit number |
|
| Assigning agency |
|
| 020 ## - ISBN |
| International Standard Book Number |
|
| 024 1# - INDENTIFICADOR DE OTRA NORMA |
| Standard number or code |
|
| 035 ## - NÚMERO LOCAL |
| System control number |
|
| 040 ## - FUENTE DE CATALOGACIÓN |
| Agencia que crea de manera original el registro |
BPMSU |
| Agencia que realiza la transcripción |
spa |
| Agencia que realiza la modificación |
BPMSU |
| 042 ## - CÓDIGO DE AUNTENTIFICACIÓN |
| Authentication code |
|
| 050 00 - NÚMERO DE CLASIFICACIÓN BIBLIOTECA DEL CONGRESO |
| Classification number |
|
| 245 00 - MENCIÓN DE TITULO |
| Título |
Math blaster : |
| Subtítulo |
secret of the lost city / |
| 246 30 - VARIACION DEL TÍTULO |
| Título propiamente dicho o título corto |
|
| 260 ## - PUBLICACIÓN, DISTRIBUCIÓN, ETC. (PIE DE IMPRENTA) |
| Lugar de publicación, distribución, etc |
Torrance, CA : |
| Nombre del editor, distribuidor, etc. |
Davidson, |
| Lugar de publicación, distribución, etc |
1994 |
| Nombre del editor, distribuidor, etc. |
|
| Fecha de publicación, distribución, etc |
|
| 300 ## - DESCRIPCIÓN FÍSICA |
| Extensión |
28 p. : |
| Otros detalles físicos |
il. ; |
| Dimensiones |
25 cm. |
| 500 ## - NOTA GENERAL |
| Nota general |
Versión ages 8 to 13 |
| 500 ## - NOTA GENERAL |
| Nota general |
|
| 505 ## - NOTA DE CONTENIDO |
| Información miscelánea |
Episode 2- |
| Título |
Secret of the lost city |
| 520 ## - RESUMEN, ETC. |
| Nota de resumen, etc. |
|
| 521 ## - TARGET AUDIENCE NOTE |
| Target audience note |
Ages 8-13 |
| 538 ## - SYSTEM DETAILS NOTE |
| System details note |
|
| 710 ## - ASIENTO SECUNDARIO -- NOMBRE CORPORATIVO |
| Institución que aplica el campo |
The Davidson Company Charter |
| 942 ## - ADDED ENTRY ELEMENTS (KOHA) |
| Source of classification or shelving scheme |
Dewey Decimal Classification |
| Koha item type |
Libros |
| 945 ## - INFORMACIÓN DE PROCESAMIENTO LOCAL |
| Información de procesamiento local |
Inventariado, 2018 / BT |
| 956 ## - LOCAL ELECTRONIC LOCATION AND ACCESS (OCLC) |
| Método de acceso |
VMATEO |
| Materiales especificados |
10 |
| Enlace |
20160419 |
| Campo enlazado y núm. de secuencia |
BPMSU |
| Nombre de host |
0069 |